Events Project Management (Record no. 176691)
[ view plain ]
| 000 -LEADER | |
|---|---|
| fixed length control field | 00371nam a22001697a 4500 |
| 005 - DATE AND TIME OF LATEST TRANSACTION | |
| control field | 20260224101204.0 |
| 020 ## - INTERNATIONAL STANDARD BOOK NUMBER | |
| ISBN | 9780367240547 |
| 041 ## - LANGUAGE CODE | |
| Language code of text/sound track or separate title | English |
| 082 ## - DEWEY DECIMAL CLASSIFICATION NUMBER | |
| Classification number | 658.404 Q17 PIE |
| 100 ## - MAIN ENTRY--AUTHOR NAME | |
| Personal name | Pielichaty Hanya |
| 245 ## - TITLE STATEMENT | |
| Title | Events Project Management |
| 250 ## - EDITION STATEMENT | |
| Edition statement | 01 |
| 260 ## - PUBLICATION, DISTRIBUTION, ETC. (IMPRINT) | |
| Place of publication | New York |
| Name of publisher | Routledge |
| Year of publication | 2017 |
| 300 ## - PHYSICAL DESCRIPTION | |
| Number of Pages | 289 |
| 365 ## - TRADE PRICE | |
| Price amount | 1600.00 |
| 942 ## - ADDED ENTRY ELEMENTS (KOHA) | |
| Koha item type | Books |
| Withdrawn status | Lost status | Home library | Current library | Date acquired | Cost, normal purchase price | Full call number | Accession Number | Cost, replacement price | Department | Koha item type |
|---|---|---|---|---|---|---|---|---|---|---|
| PSG-CAS LIBRARY | PSG-CAS LIBRARY | 24/02/2026 | 1600.00 | 658.404 Q17 PIE | 152882 | 1600.00 | Management Sciences | Books |